| 000 | 00848nam a22002057a 4500 | ||
|---|---|---|---|
| 003 | OSt | ||
| 005 | 20260511122110.0 | ||
| 008 | 260511b |||||||| |||| 00| 0 eng d | ||
| 020 | _c9781784873936 | ||
| 040 | _aKenya National Library Service | ||
| 082 | _a823.91 DES | ||
| 100 |
_aDesai, Anita _eauthor |
||
| 245 |
_aFasting, Feasting / _cAnita Desai |
||
| 300 |
_a228 pages ; _c20 cm. |
||
| 520 | _aThe story of "Uma, the plain older daughter of an Indian family, tied to the household of her childhood and tending to her parents' every extravagant demand, and of her younger brother, Arun, across the world in Massachusetts, bewildered by his new life in college and the suburbs, where he lives with the Patton family | ||
| 650 | _aFamily - fiction | ||
| 942 |
_2ddc _cBK _n0 |
||
| 999 |
_c492664 _d492664 |
||